Derecho constitucional de la acción católica

Saved in:
Bibliographic Details
Main Author: Sabater March, Joaquín (Author)
Format: Book
Language:Spanish
Published: Barcelona Herder 1950
Subjects:
Tags: Add Tag
No Tags, Be the first to tag this record!

MARC

LEADER 00000nam a2200000 a 4500
001 UCG2081
003 CL-VaPUC
008 100610e19500000SP |||||||||||||||||spa|d
082 0 4 |a 261.7  |b SAB  |2 21 
100 0 |a Sabater March, Joaquín  |e author  |9 550362 
245 1 0 |a Derecho constitucional de la acción católica 
300 |a 271 p 
942 |c BK 
945 |d 20100610 00:00:00  |a dcastane 
260 |a Barcelona  |b Herder  |c 1950 
650 0 |a Derecho constitucional   |9 222588 
650 0 |a Cristianismo y política  |9 255890 
650 0 |a Iglesia Católica  |9 256114 
650 0 |a Acción política  |9 341245 
650 7 |a CATOLICISMO Y DERECHO  |2 CL-VaPUC  |9 550363 
583 |a last modification  |c 20100610 00:00:00  |k Rodrigo Vera 
999 |c 341321  |d 341319 
952 |0 0  |1 0  |4 0  |6 261_700000000000000_SAB_1950  |7 0  |8 P  |9 436702  |a BIBDER  |b BIBDER  |d 2019-11-22  |i 4683951  |o 261.7 SAB 1950  |p 4683951  |r 2023-01-25  |w 2019-11-22  |y BK  |k DER